Jesús llamado Cristo: introducción al Jesús de la historia y a su comprensión desde la fe
Salvato in:
| Autore principale: | |
|---|---|
| Natura: | Libro |
| Lingua: | spagnolo |
| Pubblicazione: |
Madrid
Paulinas
1983
|
| Soggetti: | |
| Tags: |
Aggiungi Tag
Nessun Tag, puoi essere il primo ad aggiungerne!!
|
MARC
| LEADER | 00000nam a2200000 a 4500 | ||
|---|---|---|---|
| 001 | UCX3778 | ||
| 003 | CL-VaPUC | ||
| 008 | 911219e19830000SP |||||||||||||||||spa|d | ||
| 020 | |a 8428509484 | ||
| 082 | 0 | 4 | |a 232.908 |b DUC |2 21 |
| 100 | 0 | |a Duci, Francesco |e author |9 319975 | |
| 245 | 1 | 0 | |a Jesús llamado Cristo: introducción al Jesús de la historia y a su comprensión desde la fe |
| 300 | |a 206 p | ||
| 942 | |c BK | ||
| 945 | |d 19911219 00:00:00 | ||
| 260 | |a Madrid |b Paulinas |c 1983 | ||
| 650 | 7 | |a JESUCRISTO HISTORICIDAD |2 CL-VaPUC |9 319976 | |
| 583 | |a last modification |c 19911219 00:00:00 |k Rodrigo Vera | ||
| 999 | |c 224442 |d 224440 | ||
| 952 | |0 0 |1 0 |4 0 |6 232_908000000000000_DUC_1983 |7 0 |8 A |9 221077 |a BIBTEO |b BIBTEO |d 2019-11-15 |i 2898284 |o 232.908 DUC 1983 |p 2898284 |r 2025-01-17 |w 2019-11-15 |y BK |k ICR | ||
| 952 | |0 0 |1 0 |4 0 |6 232_908000000000000_DUC_1983 |7 0 |8 A |9 221078 |a BIBTEO |b BIBTEO |d 2019-11-15 |i 2078791 |o 232.908 DUC 1983 |p 2078791 |r 2025-01-17 |w 2019-11-15 |y BK |k ICR | ||